[Event "World Senior chT-65 2019"]
[Site "Rhodes"]
[Date "2019.04.16"]
[Round "1.11"]
[White "Melkeraen, Terje"]
[Black "Giffard, Nicolas"]
[Result "1/2-1/2"]
[WhiteElo "2006"]
[BlackElo "2252"]
[Annotator "NA"]
[PlyCount "86"]
[EventDate "2019.04.16"]
[EventType "team-tourn"]
[EventCountry "GRE"]
[SourceTitle "playchess.com"]
[Source "ChessBase"]
[SourceQuality "1"]
[WhiteTeam "Norway"]
[BlackTeam "France"]
[WhiteTeamCountry "NOR"]
[BlackTeamCountry "FRA"]
[TimeControl "40/5400+30:1800+30"]

1. d4 {[%emt 0:00:11]} Nf6 {[%emt 0:00:00]} 2. c4 {[%emt 0:00:03]} e6 {[%emt 0:00:14]} 3. Nc3 {[%emt 0:00:29]} Bb4 {[%emt 0:00:24]} 4. Qc2 {[%emt 0:00:41]} d6 {[%emt 0:01:22]} 5. Bg5 {[%emt 0:00:00]} h6 {[%emt 0:01:52]} 6. Bh4 {[%emt 0:00:00]} Nbd7 {[%emt 0:03:12]} 7. Nf3 {[%emt 0:01:28]} O-O {[%emt 0:01:11]} 8. a3 {[%emt 0:00:13]} Bxc3+ {[%emt 0:00:14]} 9. Qxc3 {[%emt 0:01:42]} Qe8 {[%emt 0:01:52]} 10. e3 {[%emt 0:04:04]} Ne4 {[%emt 0:01:03]} 11. Qc2 {[%emt 0:00:45]} f5 {[%emt 0:01:09]} 12. Bd3 {[%emt 0:00:48]} g5 {[%emt 0:06:05]} 13. Bg3 {[%emt 0:03:43]} Ndf6 {[%emt 0:06:38]} 14. Nd2 {[%emt 0:11:30]} Nxd2 {[%emt 0:09:25]} 15. Qxd2 {[%emt 0:00:41]} e5 {[%emt 0:02:07]} 16. dxe5 {[%emt 0:00:20]} dxe5 {[%emt 0:00:47]} 17. f3 {[%emt 0:11:57]} f4 {[%emt 0:12:08]} 18. Bf2 {[%emt 0:05:32]} e4 {[%emt 0:06:03]} 19. Bxe4 {[%emt 0:00:00]} Nxe4 {[%emt 0:02:26]} 20. fxe4 {[%emt 0:00:00]} Be6 {[%emt 0:15:54]} 21. O-O {[%emt 0:04:41]} Bxc4 {[%emt 0:00:00]} 22. Rfe1 {[%emt 0:01:38]} f3 {[%emt 0:00:00]} 23. Rac1 {[%emt 0:03:06]} Qf7 {[%emt 0:07:32]} 24. gxf3 {[%emt 0:04:40]} b5 {[%emt 0:00:43]} 25. f4 {[%emt 0:04:16]} Rad8 {[%emt 0:00:55]} 26. Qc2 {[%emt 0:04:35]} Rd7 {[%emt 0:00:00]} 27. Bg3 {[%emt 0:01:19]} Rfd8 {[%emt 0:06:21]} 28. Red1 {[%emt 0:05:09]} Rd3 {[%emt 0:00:00]} 29. Rxd3 {[%emt 0:01:15]} Rxd3 {[%emt 0:04:07]} 30. Rd1 {[%emt 0:02:36]} Rxe3 {[%emt 0:00:00]} 31. Rd8+ {[%emt 0:04:11]} Kg7 {[%emt 0:00:00]} 32. Qd2 {[%emt 0:01:53]} Rxe4 {[%emt 0:07:39]} 33. Rd7 {[%emt 0:08:00]} Re7 {[%emt 0:01:52]} 34. Rxe7 {[%emt 0:01:43]} Qxe7 {[%emt 0:00:00]} 35. fxg5 {[%emt 0:03:51]} hxg5 {[%emt 0:00:00]} 36. b3 {[%emt 0:01:00]} Bf7 {[%emt 0:00:00]} 37. Qd4+ {[%emt 0:00:47]} Kh6 {[%emt 0:06:38]} 38. b4 {[%emt 0:04:09]} c6 {[%emt 0:01:29]} 39. Qe5 {[%emt 0:03:09]} Qxe5 {[%emt 0:00:00]} 40. Bxe5 {[%emt 0:00:00]} Kg6 {[%emt 0:00:00]} 41. Kf2 {[%emt 0:00:00]} Kf5 {[%emt 0:00:00]} 42. Bb8 {[%emt 0:00:00]} a6 {[%emt 0:00:00]} 43. Ke3 {[%emt 0:00:00]} g4 {[%emt 0:00:51] Ke4+ [%emt 00:00:23] Ke5+ [%emt 00:00:59]} 1/2-1/2

[Event "World Senior chT-65 2019"]
[Site "Rhodes"]
[Date "2019.04.16"]
[Round "1.12"]
[White "Boudre, Jean-Pierre"]
[Black "Johnsen, Oystein"]
[Result "1/2-1/2"]
[WhiteElo "2246"]
[BlackElo "1986"]
[Annotator "NA"]
[PlyCount "102"]
[EventDate "2019.04.16"]
[EventType "team-tourn"]
[EventCountry "GRE"]
[SourceTitle "playchess.com"]
[Source "ChessBase"]
[SourceQuality "1"]
[WhiteTeam "France"]
[BlackTeam "Norway"]
[WhiteTeamCountry "FRA"]
[BlackTeamCountry "NOR"]
[TimeControl "40/5400+30:1800+30"]

1. e4 {[%emt 0:00:00]} c5 {[%emt 0:00:00]} 2. Nf3 {[%emt 0:00:00]} e6 {[%emt 0:00:00]} 3. d4 {[%emt 0:00:00]} cxd4 {[%emt 0:00:00]} 4. Nxd4 {[%emt 0:00:00]} a6 {[%emt 0:00:00]} 5. Nc3 {[%emt 0:00:00]} Qc7 {[%emt 0:00:00]} 6. Qd3 {[%emt 0:01:17]} Nf6 {[%emt 0:04:22]} 7. Qg3 {[%emt 0:03:30]} Qxg3 {[%emt 0:00:56]} 8. hxg3 {[%emt 0:00:05]} Bb4 {[%emt 0:00:21]} 9. f3 {[%emt 0:01:33]} Nc6 {[%emt 0:02:30]} 10. Nxc6 {[%emt 0:05:13]} bxc6 {[%emt 0:01:50]} 11. Bd2 {[%emt 0:08:27]} d5 {[%emt 0:03:51]} 12. Bd3 {[%emt 0:08:21]} Bb7 {[%emt 0:06:14]} 13. O-O-O {[%emt 0:11:54]} O-O-O {[%emt 0:11:02]} 14. exd5 {[%emt 0:01:02]} cxd5 {[%emt 0:03:57]} 15. g4 {[%emt 0:15:49]} d4 {[%emt 0:07:05]} 16. Ne2 {[%emt 0:04:32]} Bxd2+ {[%emt 0:03:46]} 17. Rxd2 {[%emt 0:00:11]} e5 {[%emt 0:01:53]} 18. Ng3 {[%emt 0:00:12]} g6 {[%emt 0:00:57]} 19. Re2 {[%emt 0:01:58]} Nd7 {[%emt 0:06:42]} 20. b4 {[%emt 0:05:56]} f6 {[%emt 0:02:47]} 21. Kd2 {[%emt 0:00:16]} Kc7 {[%emt 0:04:11]} 22. Rh6 {[%emt 0:06:14]} a5 {[%emt 0:02:20]} 23. a3 {[%emt 0:01:38]} axb4 {[%emt 0:00:37]} 24. axb4 {[%emt 0:00:06]} Ra8 {[%emt 0:01:38]} 25. Re1 {[%emt 0:00:23]} Bd5 {[%emt 0:01:35]} 26. Reh1 {[%emt 0:08:13]} Nf8 {[%emt 0:02:51]} 27. Ne4 {[%emt 0:05:35]} Bxe4 {[%emt 0:02:03]} 28. Bxe4 {[%emt 0:00:03]} Rb8 {[%emt 0:00:11]} 29. c3 {[%emt 0:00:09]} dxc3+ {[%emt 0:00:35]} 30. Kxc3 {[%emt 0:00:04]} Kb6 {[%emt 0:00:50]} 31. Rd1 {[%emt 0:00:10]} Kc7 {[%emt 0:01:33]} 32. g3 {[%emt 0:07:24]} Ne6 {[%emt 0:00:13]} 33. Rdh1 {[%emt 0:00:25]} Nf8 {[%emt 0:00:12]} 34. Ra1 {[%emt 0:04:47]} Ne6 {[%emt 0:04:31]} 35. Rxh7+ {[%emt 0:00:00]} Rxh7 36. Ra7+ {[%emt 0:00:14]} Kd6 {[%emt 0:00:04]} 37. Rxh7 {[%emt 0:08:44]} Rc8+ {[%emt 0:01:24]} 38. Kb3 {[%emt 0:02:41]} Nd4+ {[%emt 0:00:14]} 39. Kb2 {[%emt 0:06:18]} f5 {[%emt 0:01:54]} 40. gxf5 {[%emt 0:00:00]} gxf5 {[%emt 0:00:00]} 41. Rh6+ {[%emt 0:00:00]} Ke7 {[%emt 0:18:49]} 42. Bd3 {[%emt 0:00:00]} Rg8 {[%emt 0:02:49]} 43. g4 {[%emt 0:00:00]} e4 {[%emt 0:04:35]} 44. Bxe4 {[%emt 0:02:45]} fxe4 {[%emt 0:00:40]} 45. fxe4 {[%emt 0:00:03]} Rxg4 {[%emt 0:00:23]} 46. e5 {[%emt 0:00:12]} Nf3 {[%emt 0:02:24]} 47. Kb3 {[%emt 0:02:35]} Nxe5 {[%emt 0:00:27]} 48. Rh3 {[%emt 0:00:09]} Nc6 {[%emt 0:00:40]} 49. b5 {[%emt 0:01:11]} Rb4+ {[%emt 0:00:21]} 50. Kc3 {[%emt 0:00:03]} Rxb5 {[%emt 0:00:28]} 51. Rh7+ {[%emt 0:00:05]} Kf8 {[%emt 0:00:47]} 1/2-1/2

[Event "World Senior chT-65 2019"]
[Site "Rhodes"]
[Date "2019.04.16"]
[Round "1.14"]
[White "Nordstrom, Felix"]
[Black "Berkovich, Mark A"]
[Result "*"]
[WhiteElo "2044"]
[BlackElo "2332"]
[Annotator "TA"]
[PlyCount "66"]
[EventDate "2019.04.16"]
[EventType "team-tourn"]
[EventCountry "GRE"]
[SourceTitle "playchess.com"]
[Source "ChessBase"]
[SourceQuality "1"]
[WhiteTeam "Sweden"]
[BlackTeam "Israel"]
[WhiteTeamCountry "SWE"]
[BlackTeamCountry "ISR"]

{[%evp 18,66,-9,-21,3,13,13,0,19,12,12,8,8,0,0,10,0,0,17,0,0,0,14,12,2,0,10,0,16,0,21,25,43,15,33,6,27,13,12,0,10,0,15,-5,32,19,16,23,44,18,25]} 1. d4 Nf6 2. c4 e6 3. Nc3 Bb4 4. Qc2 O-O 5. a3 Bxc3+ 6. Qxc3 b6 7. Bg5 Bb7 8. e3 d6 9. Nf3 Nbd7 10. Nd2 c5 {E32: Nimzo-Indian: Classical (4 Qc2): 4...0-0} (10... Rc8 11. Bd3 c5 12. O-O h6 13. Bh4 cxd4 14. exd4 d5 15. b3 Qc7 16. Rfe1 Nh5 17. f3 Rfe8 18. Rac1 dxc4 19. bxc4 {½-½ (39) Kasparov,G (2812)-Navara,D (2737) Saint Louis 2017}) 11. dxc5 bxc5 12. f3 h6 13. Bh4 a5 14. Bd3 {[#]} Ne5 $146 ({Predecessor:} 14... Qb6 15. O-O a4 16. Rfd1 d5 17. Bf2 Qc6 18. cxd5 exd5 {½-½ (57) Dreev,A (2679)-Stukopin,A (2544) Yerevan 2014}) 15. Be2 Ng6 16. Bf2 Qe7 17. O-O Nd7 18. b4 axb4 19. axb4 cxb4 20. Qxb4 Nc5 21. Rfb1 Ne5 22. Rxa8 (22. Bg3 {with more complications.} Ned7 23. Nb3 e5 24. Na5 Rfb8 25. Qe1) 22... Bxa8 (22... Rxa8 {feels hotter.} 23. Qb2 Qc7 24. Ra1 Rb8 25. Qa3 Bc6) 23. Qc3 Rc8 24. Bg3 Nc6 25. Bf1 Qc7 26. Qa3 e5 27. h3 Bb7 28. Bf2 Ba8 29. Rb5 Bb7 30. Rb1 Kf8 31. Qc3 Qa5 32. Qc2 Ba6 33. Ne4 Nxe4 $1 {Accuracy: White = 37%, Black = 25%.} *

[Event "World Senior chT-65 2019"]
[Site "Rhodes"]
[Date "2019.04.16"]
[Round "1.15"]
[White "Maryasin, Boris"]
[Black "Grahn, Lars"]
[Result "1/2-1/2"]
[WhiteElo "2297"]
[BlackElo "1985"]
[Annotator "TA"]
[PlyCount "72"]
[EventDate "2019.04.16"]
[EventType "team-tourn"]
[EventCountry "GRE"]
[SourceTitle "playchess.com"]
[Source "ChessBase"]
[SourceQuality "1"]
[WhiteTeam "Israel"]
[BlackTeam "Sweden"]
[WhiteTeamCountry "ISR"]
[BlackTeamCountry "SWE"]

{[%evp 10,72,-18,-24,-17,-18,-5,-27,-27,-22,-23,-45,-45,-42,-40,-63,-60,-75,-72,-72,-65,-57,-25,-39,-31,-38,-10,-14,-22,-13,0,0,0,0,27,-4,-18,-13,-20,-39,-13,-75,-63,-129,-146,-140,-18,-20,-16,-16,0,0,0,0,0,0,0,0,0,0,0,0,0,0,0]} 1. e4 Nf6 2. e5 Nd5 3. Nc3 Nxc3 4. bxc3 d5 5. d4 c5 6. Nf3 c4 {B02: Alekhine's Defence: Chase Variation and lines with early Nc3} (6... Nc6 7. Be2 c4 8. O-O e6 9. Be3 Be7 10. g3 O-O 11. Re1 b5 12. a3 a5 13. h4 f6 14. exf6 gxf6 15. Nh2 {1-0 (32) Hansen,E (2584)-Ipatov,A (2613) Rabat 2014}) 7. g3 Bg4 8. Bg2 e6 {Black has an edge.} 9. O-O $146 ({Predecessor:} 9. a4 Qa5 10. Bb2 Nd7 11. Ra2 Be7 12. O-O Rc8 13. Qa1 Rc6 14. Ba3 Bxa3 15. Rxa3 {0-1 (69) Fernandes,A (2184)-Cordovil,J (2199) Lisbon 1999}) 9... Be7 10. Rb1 Qd7 11. h3 Bh5 12. g4 Bg6 13. Bg5 Bxg5 14. Nxg5 h6 15. Nf3 Be4 16. Nh4 Bxg2 17. Nxg2 Nc6 18. f4 g6 19. f5 gxf5 20. gxf5 O-O-O 21. Qh5 Rh7 22. fxe6 fxe6 23. Rf6 Rg8 {And now ...Rhg7 would win.} 24. Rbf1 $1 Nd8 (24... Rg5 $5 {[%cal Rg5h5]} 25. Qd1 Rhg7 $11) 25. Rg6 {[#]} (25. Rf8 $11 {remains equal.} Rg3 26. R1f2) 25... Rhg7 $1 $17 {[%cal Rg7g6]} 26. Rxg7 (26. Nh4 $15) 26... Qxg7 {[%csl Gg8][%cal Rg7g2]} ({Stronger than} 26... Rxg7 27. Qxh6 Rh7 28. Qg5 $14) 27. Rf2 Rf8 (27... Qg3 $17 28. Qf3 Qg5) 28. Qg4 $11 {The position is equal.} Qxg4 29. hxg4 Rxf2 (29... Rg8 {looks sharper.} 30. Rf4 b5 31. Kf2 Kd7 32. Rf6 Rxg4 33. Kf3 h5) 30. Kxf2 {[%mdl 4096] Endgame White wants to play Kg3. KN-KN} Kd7 31. Kg3 {[#] Threatens to win with Kh4.} Ke7 32. Kh4 {Strongly threatening Kh5.} Kf7 33. Nf4 Kg7 34. Nh5+ Kg6 35. Nf4+ Kg7 36. Kh5 Kh7 {Accuracy: White = 68%, Black = 61%.} 1/2-1/2

[Event "World Senior chT-65 2019"]
[Site "Rhodes"]
[Date "2019.04.16"]
[Round "1.16"]
[White "Svensson, Soren"]
[Black "Lederman, Leon"]
[Result "1-0"]
[WhiteElo "1964"]
[BlackElo "2281"]
[Annotator "NA"]
[PlyCount "81"]
[EventDate "2019.04.16"]
[EventType "team-tourn"]
[EventCountry "GRE"]
[SourceTitle "playchess.com"]
[Source "ChessBase"]
[SourceQuality "1"]
[WhiteTeam "Sweden"]
[BlackTeam "Israel"]
[WhiteTeamCountry "SWE"]
[BlackTeamCountry "ISR"]
[TimeControl "40/5400+30:1800+30"]

1. d4 {[%emt 0:00:00]} d5 {[%emt 0:00:00]} 2. c4 {[%emt 0:00:00]} e6 {[%emt 0:00:00]} 3. Nf3 {[%emt 0:00:02]} Nf6 {[%emt 0:00:00]} 4. Nc3 {[%emt 0:00:27]} c6 {[%emt 0:00:00]} 5. e3 {[%emt 0:00:17]} Nbd7 {[%emt 0:00:04]} 6. Bd3 {[%emt 0:00:21]} dxc4 {[%emt 0:00:08]} 7. Bxc4 {[%emt 0:00:11]} b5 {[%emt 0:00:01]} 8. Bd3 {[%emt 0:00:17]} a6 {[%emt 0:00:04]} 9. e4 {[%emt 0:00:53]} c5 {[%emt 0:00:09]} 10. d5 {[%emt 0:01:00]} c4 {[%emt 0:00:15]} 11. Bc2 {[%emt 0:00:09]} e5 {[%emt 0:00:17]} 12. Be3 {[%emt 0:04:09]} Bd6 {[%emt 0:00:56]} 13. O-O {[%emt 0:04:44]} O-O {[%emt 0:00:05]} 14. Qe2 {[%emt 0:02:59]} Qe7 {[%emt 0:04:52]} 15. Rad1 {[%emt 0:06:35]} Nc5 {[%emt 0:04:12]} 16. Nd2 {[%emt 0:05:19]} Bd7 {[%emt 0:00:52]} 17. Rb1 {[%emt 0:24:15]} Rfc8 {[%emt 0:01:14]} 18. Rfc1 {[%emt 0:00:47]} b4 {[%emt 0:16:13]} 19. Bxc5 {[%emt 0:14:08]} Bxc5 {[%emt 0:00:48]} 20. Nd1 {[%emt 0:01:17]} Bb5 {[%emt 0:00:27]} 21. Qf3 {[%emt 0:00:57]} Bd4 {[%emt 0:04:34]} 22. Ne3 {[%emt 0:01:25]} g6 {[%emt 0:02:15]} 23. b3 {[%emt 0:07:42]} Bxe3 {[%emt 0:11:33]} 24. Qxe3 {[%emt 0:00:39]} c3 {[%emt 0:00:06]} 25. Nf3 {[%emt 0:01:48]} a5 {[%emt 0:00:50]} 26. Qg5 {[%emt 0:03:15]} Re8 {[%emt 0:00:22]} 27. Re1 {[%emt 0:01:01]} Nd7 {[%emt 0:06:40]} 28. Qh6 {[%emt 0:02:26]} Qf8 {[%emt 0:06:02]} 29. Qg5 {[%emt 0:01:19]} f6 {[%emt 0:00:20]} 30. Qg3 {[%emt 0:02:44]} Qh6 {[%emt 0:01:34]} 31. Rbd1 {[%emt 0:01:08]} Ra6 {[%emt 0:05:43]} 32. Re3 {[%emt 0:01:34]} Qf4 {[%emt 0:07:01]} 33. Qh3 {[%emt 0:00:40]} Nc5 {[%emt 0:00:15]} 34. g3 {[%emt 0:00:59]} Bd7 {[%emt 0:00:36]} 35. Qxd7 {[%emt 0:02:39]} Nxd7 {[%emt 0:00:29]} 36. gxf4 {[%emt 0:00:07]} exf4 {[%emt 0:00:02]} 37. Ree1 {[%emt 0:01:25]} g5 {[%emt 0:00:33]} 38. h3 {[%emt 0:02:34]} Kg7 {[%emt 0:03:39]} 39. Kg2 {[%emt 0:02:52]} h5 {[%emt 0:00:21]} 40. Nd4 {[%emt 0:00:00]} Ne5 {[%emt 0:00:00]} 41. Ne6+ {[%emt 0:02:33]} 1-0

[Event "World Senior chT-65 2019"]
[Site "Rhodes"]
[Date "2019.04.16"]
[Round "1.17"]
[White "Jones, Iolo C"]
[Black "Renman, Nils-Gustaf"]
[Result "0-1"]
[WhiteElo "2187"]
[BlackElo "2358"]
[Annotator "TA"]
[PlyCount "94"]
[EventDate "2019.04.16"]
[EventType "team-tourn"]
[EventCountry "GRE"]
[SourceTitle "playchess.com"]
[Source "ChessBase"]
[SourceQuality "1"]
[WhiteTeam "Wales"]
[BlackTeam "Sweden"]
[WhiteTeamCountry "WLS"]
[BlackTeamCountry "SWE"]

{[%evp 14,94,-18,-20,0,6,0,0,0,2,0,-168,-145,-150,-143,-133,-94,-194,-173,-192,-200,-190,-126,-135,-135,-192,-193,-187,-172,-166,-52,-65,-67,-60,0,0,0,-99,-99,-93,-82,-105,0,0,0,-183,-178,-151,-163,-156,-46,-90,-77,-270,-215,-352,-331,-425,-410,-642,-641,-625,-589,-1584,-793,-705,-559,-1000,-668,-1548,-1521,-1478,-1362,-1561,-1545,-1530,-1323,-1455,-1491,-1379,-1327,-1002,-958]} 1. d4 d5 2. Nf3 Nf6 3. Bf4 c5 4. e3 Nc6 5. c3 Qb6 6. Qb3 c4 7. Qxb6 axb6 8. Na3 e5 {D02: 1 d4 d5 2 Nf3 sidelines, including 2...Nf6 3 g3 and 2...Nf6 3 Bf4} (8... Bf5 9. Nb5 Kd7 10. Be2 e6 11. O-O Ra5 12. a4 Bc2 13. Ng5 Bg6 14. Rfc1 Be7 15. Nf3 Rha8 16. Nc7 Rc8 {0-1 (35) Javakhishvili,L (2465)-Girya,O (2482) Tbilisi 2018}) 9. Nb5 $1 Ra5 10. dxe5 {aiming for Nc7+.} Rxb5 {The position is equal.} 11. exf6 {Hoping for b4.} Rxb2 12. Nd4 $2 (12. e4 $1 $11 {and White has nothing to worry.}) 12... Nxd4 13. exd4 gxf6 14. Be2 Bf5 15. g4 $146 (15. Bd1 $17) ({Predecessor:} 15. Bf3 Be4 16. Bxe4 dxe4 {½-½ (25) Plasil,J (2069)-Herndlbauer,M (2081) Austria 2017}) 15... Be4 $19 16. f3 Bg6 $1 17. Bc1 Rb1 ({Black should play} 17... Rc2 $19 18. Bd2 Bd6) 18. Rxb1 $17 Bxb1 19. a3 (19. Kf2 $17) 19... Kd7 $19 20. O-O Bc2 21. Rf2 Bb3 (21... Bg6 $19 22. f4 Be4) 22. f4 $1 $15 Bd6 23. g5 f5 (23... Bc2 $15) 24. Bh5 $1 $11 Rf8 25. h4 (25. Rf3 $11) 25... Ba4 26. Bf3 Kc6 $36 {[%mdl 2048] Black is in control.} 27. Kf1 Bb3 ({Black should try} 27... Bc7 $17) 28. Ke1 $1 Ra8 29. Bh5 $2 (29. Re2 $11 {and White is okay.}) 29... Bxa3 30. Bxa3 Rxa3 31. Bxf7 $19 {[%mdl 4096] Endgame KRB-KRB} Ra1+ (31... b5 $1 $17 {White must now prevent ...b4!} 32. Be6 b4 $1 {[%mdl 512]} 33. cxb4 c3 34. Bxf5 Ra1+ 35. Ke2 Ra2+ 36. Kf3 Rxf2+ 37. Kxf2 c2 38. Bxc2 Bxc2) 32. Ke2 $1 $15 {[#]} Rh1 $1 33. g6 $2 (33. Kf3 $17) 33... hxg6 $19 34. Bxg6 (34. Rg2 $142 Bd1+ 35. Kd2) 34... Bc2 ({Weaker is} 34... Rxh4 35. Bxf5 b5 36. Kd2 $15) 35. h5 Be4 36. Kd2 (36. Be8+ $142 Kd6 37. Kd2) 36... b5 {Black is clearly winning.} 37. Re2 Kb6 38. Re3 Ka5 39. Re1 Rh4 40. Ra1+ Kb6 41. Ra8 b4 42. cxb4 Kb5 43. Rb8 Rh2+ 44. Ke3 Kxb4 45. Rxb7+ Kc3 46. Be8 Rh3+ 47. Ke2 Kxd4 {Accuracy: White = 42%, Black = 62%.} 0-1

[Event "World Senior chT-65 2019"]
[Site "Rhodes"]
[Date "2019.04.16"]
[Round "1.18"]
[White "Uddenfeldt, Dan"]
[Black "Thornton, John D"]
[Result "1-0"]
[WhiteElo "2339"]
[BlackElo "2061"]
[Annotator "TA"]
[PlyCount "95"]
[EventDate "2019.04.16"]
[EventType "team-tourn"]
[EventCountry "GRE"]
[SourceTitle "playchess.com"]
[Source "ChessBase"]
[SourceQuality "1"]
[WhiteTeam "Sweden"]
[BlackTeam "Wales"]
[WhiteTeamCountry "SWE"]
[BlackTeamCountry "WLS"]

{[%evp 20,95,46,28,33,19,45,-18,15,15,13,13,22,16,20,20,29,9,24,9,11,6,29,31,22,18,7,0,25,0,0,0,0,-4,67,58,83,93,85,102,172,147,146,129,139,100,188,110,113,116,230,90,266,120,441,139,511,505,591,587,1557,1303,2547,1695,2955,3262,2884,2271,4412,2746,29980,29981,29981,29983,29987,29984,29992,29984]} 1. d4 d5 2. c4 e6 3. Nf3 c5 4. cxd5 exd5 5. Nc3 Nc6 6. g3 Nf6 7. Bg5 Be7 8. Bg2 O-O 9. O-O c4 10. Ne5 Be6 11. b3 cxb3 {D34: Tarrasch Defence: 6 g3 Nf6 7 Bg2 Be7} 12. axb3 h6 13. Bf4 (13. Nxc6 $14 bxc6 14. Bxf6 Bxf6 15. Na4) 13... Qb6 {The position is equal.} 14. Na4 Qb5 15. Nxc6 bxc6 16. Qc2 Rfc8 17. Rfc1 Nd7 {[#]} 18. Be3 $146 ({Predecessor:} 18. Qd1 a5 19. h3 Ra7 20. Kh2 Rb7 21. Nc3 Qxb3 22. Qxb3 Rxb3 23. Nxd5 {1-0 (31) Khismatullin,D (2673)-Konaplev,A (2155) Taganrog 2015}) 18... Rab8 19. Rab1 Ba3 20. Rd1 Bf8 21. Bf4 Ra8 22. Nc3 Qb7 23. h4 Re8 24. Na4 Rac8 25. Nc5 Nxc5 26. dxc5 Qe7 (26... g6 $11) 27. b4 $36 {[%mdl 2048] White fights for an advantage.} g5 28. hxg5 hxg5 29. Be3 f6 (29... a6 $16) 30. Ra1 Rc7 31. Bd4 Bf7 32. Re1 Bg7 (32... Qe6 $16) 33. Ra6 ({White should try} 33. e4 $18) 33... Rb8 $16 34. Qc3 Bg6 {[#]} (34... Qe6 $16) 35. e3 (35. b5 $1 $18 {[%mdl 512]}) 35... Bh7 $2 {[#]} (35... Be4 $16) 36. Rea1 (36. b5 $1 $18 {[%mdl 512]}) 36... Rbb7 $2 {[%mdl 8192] [#]} (36... Be4 $16 {is more resistant.}) 37. Bf1 $2 (37. Rxc6 $3 $18 {[%mdl 512]} Be4 (37... Rxc6 38. Bxd5+) 38. Rxc7 (38. Rxf6 Bxg2 39. Kxg2 Bxf6 $16) 38... Rxc7 39. b5) 37... f5 $2 {[%mdl 8192] [#]} (37... Be4 $16 {is a better chance.}) 38. b5 $1 $18 {[%mdl 512]} Bxd4 (38... cxb5 39. c6) 39. Qxd4 cxb5 40. c6 Rb6 41. Rxb6 axb6 42. Ra8+ Kf7 43. Qxd5+ Kf6 44. Bxb5 f4 45. Qd4+ {White mates.} Kg6 46. Rh8 Kh6 47. Bd3 Qe6 48. exf4 1-0

[Event "World Senior chT-65 2019"]
[Site "Rhodes"]
[Date "2019.04.16"]
[Round "1.19"]
[White "Waterfield, John W"]
[Black "Hammar, Bengt"]
[Result "0-1"]
[WhiteElo "1928"]
[BlackElo "2206"]
[Annotator "NA"]
[PlyCount "108"]
[EventDate "2019.04.16"]
[EventType "team-tourn"]
[EventCountry "GRE"]
[SourceTitle "playchess.com"]
[Source "ChessBase"]
[SourceQuality "1"]
[WhiteTeam "Wales"]
[BlackTeam "Sweden"]
[WhiteTeamCountry "WLS"]
[BlackTeamCountry "SWE"]
[TimeControl "40/5400+30:1800+30"]

1. e4 {[%emt 0:00:00]} c5 {[%emt 0:00:16]} 2. Nf3 {[%emt 0:00:00]} d6 {[%emt 0:00:18]} 3. d4 {[%emt 0:00:00]} cxd4 {[%emt 0:00:11]} 4. Nxd4 {[%emt 0:00:00]} Nf6 {[%emt 0:00:26]} 5. Nc3 {[%emt 0:00:00]} a6 {[%emt 0:00:32]} 6. Be2 {[%emt 0:00:10]} e6 {[%emt 0:01:11]} 7. Be3 {[%emt 0:01:09]} Nbd7 {[%emt 0:02:16]} 8. f4 {[%emt 0:09:40]} b5 {[%emt 0:01:48]} 9. Bf3 {[%emt 0:08:24]} Bb7 {[%emt 0:00:50]} 10. e5 {[%emt 0:03:04]} Bxf3 {[%emt 0:00:27]} 11. Qxf3 {[%emt 0:04:11]} dxe5 {[%emt 0:00:38]} 12. Nc6 {[%emt 0:00:16]} Qc7 {[%emt 0:01:15]} 13. fxe5 {[%emt 0:03:01]} Rc8 {[%emt 0:01:56]} 14. exf6 {[%emt 0:02:12]} Qxc6 {[%emt 0:00:09]} 15. fxg7 {[%emt 0:08:11]} Bxg7 {[%emt 0:00:22]} 16. Qxc6 {[%emt 0:02:41]} Rxc6 {[%emt 0:00:16]} 17. O-O-O {[%emt 0:00:13]} Bxc3 {[%emt 0:08:06]} 18. bxc3 {[%emt 0:00:05]} Rg8 {[%emt 0:00:10]} 19. g3 {[%emt 0:07:24]} Nf6 {[%emt 0:01:38]} 20. Bd4 {[%emt 0:03:30]} Nd5 {[%emt 0:00:30]} 21. Kb2 {[%emt 0:03:40]} Rg5 {[%emt 0:07:21]} 22. Rhe1 {[%emt 0:06:09]} Kf8 {[%emt 0:08:36]} 23. Rd3 {[%emt 0:08:24]} f6 {[%emt 0:04:52]} 24. Re4 {[%emt 0:01:47]} Kf7 {[%emt 0:00:50]} 25. Rh4 {[%emt 0:03:13]} h5 {[%emt 0:04:13]} 26. Re4 {[%emt 0:01:32]} Rg4 {[%emt 0:03:29]} 27. Re2 {[%emt 0:01:13]} Rc4 {[%emt 0:03:12]} 28. Kb3 {[%emt 0:01:29]} a5 {[%emt 0:01:11]} 29. a3 {[%emt 0:00:04]} a4+ {[%emt 0:02:37]} 30. Kb2 {[%emt 0:00:09]} Rc8 {[%emt 0:02:21]} 31. Rf3 {[%emt 0:04:37]} h4 {[%emt 0:02:55]} 32. Ref2 {[%emt 0:02:37]} hxg3 {[%emt 0:00:27]} 33. hxg3 {[%emt 0:00:05]} Rg6 {[%emt 0:00:36]} 34. Rd2 {[%emt 0:03:43]} Rcg8 {[%emt 0:03:14]} 35. Bf2 {[%emt 0:00:52]} Rh8 {[%emt 0:01:28]} 36. Bc5 {[%emt 0:02:22]} Rh3 {[%emt 0:01:05]} 37. Bd6 {[%emt 0:00:44]} Nb6 {[%emt 0:00:48]} 38. Kc1 {[%emt 0:01:57]} Nc4 {[%emt 0:01:08]} 39. Rd1 {[%emt 0:00:04]} e5 {[%emt 0:00:25]} 40. Rfd3 {[%emt 0:00:00]} Rgxg3 {[%emt 0:00:00]} 41. Bc7 {[%emt 0:12:04]} Rxd3 {[%emt 0:02:03]} 42. cxd3 {[%emt 0:00:05]} Ne3 {[%emt 0:00:17]} 43. Rd2 {[%emt 0:03:26]} Ke6 {[%emt 0:02:00]} 44. Bb8 {[%emt 0:04:11]} Rh1+ {[%emt 0:04:48]} 45. Kb2 {[%emt 0:00:12]} Rh7 {[%emt 0:05:49]} 46. Re2 {[%emt 0:01:02]} Nd5 {[%emt 0:07:15]} 47. d4 {[%emt 0:01:48]} Nf4 {[%emt 0:00:36]} 48. Re3 {[%emt 0:01:43]} Rb7 {[%emt 0:01:53]} 49. Bxe5 {[%emt 0:01:05]} fxe5 {[%emt 0:00:06]} 50. Rxe5+ {[%emt 0:00:03]} Kd6 {[%emt 0:00:20]} 51. Rf5 {[%emt 0:01:11]} Nd5 {[%emt 0:00:29]} 52. Rh5 {[%emt 0:01:34]} Re7 {[%emt 0:00:36]} 53. Rh6+ {[%emt 0:01:19]} Re6 {[%emt 0:00:25]} 54. Rh8 {[%emt 0:00:05]} Re2+ {[%emt 0:00:08] Rh1 [%clk 00:17:03] [%emt 00:01:15]} 0-1